000 00982nam a22002295i 4500
001 169343
003 ES-MaACL
005 20240228214409.0
008 080901s1997 sp |||| | spa d
080 _a946.0"1898"
100 1 _aPérez de Tudela y Bueso, Juan,
_d1922-2004
_990810
245 1 3 _aEl 98, una vaguada en perspectiva de continuidades :
_b[en 1898, enfoques y perspectivas] /
_cJuan Pérez de Tudela y Bueso.
260 _a[San Juan de Puerto Rico :
_bAcademia Puertorriqueña de la Historia,
_c1997]
300 _aP. 161-194 ;
_c22 cm.
595 _aSeparata de: Simposio Internacional de Historiadores en torno al 1898, San Juan de Puerto Rico, 1997.
595 _aDatos de publ. facilitados por Isabel Pérez de Tudela.
651 4 _aPuerto Rico-
_xHistoria-
_y1810-1898.
_9158600
651 4 _aEspaña-
_xHistoria-
_y1898
_98272
710 2 _aAcademia Puertorriqueña de la Historia.
_91218
852 _aES-MaACL
_j2234-F-7
999 _c169343
_d169343